03406cam a2200397 i 450000100090000000300040000900500170001300800410003001000170007102000410008802000450012902000320017404000360020604200080024205000220025008200180027210000380029024500880032825000190041626400440043530000270047933600210050633700250052733800230055249000180057550400510059350505360064452013570118065000340253765000310257177601600260290600450276294200420280795201420284999900170299120605549OSt20230908130828.0171023s2018 mdu b 001 0 eng c a 2017040321 a9781538106266q(cloth ;qalk. paper) a9781538106273q(paperback ;qalk. paper) z9781538106280q(electronic) aLBSOR/DLCbengcLBSORerdadDLC apcc00aP94.6b.L845 201800a302.23bLUL/G1 aLule, Jack,d1954-eauthor.9945110aGlobalization and media :bglobal village of Babel /cJack Lule, Lehigh University. aThird edition. 1aLanham :bRowman & Littlefield,c[2018] ax, 208 pages ;c24 cm. atext2rdacontent aunmediated2rdamedia avolume2rdacarrier0 aGlobalization aIncludes bibliographical references and index.0 aGlobal village of Babel -- Language and metaphor : what we talk about when we talk bout globalization and media -- The role of media in globalization : a history -- "The rise of the global imaginary" : the global village -- Media and economic globalization : starving children, Hannah Montana, football, and the bottom billion -- Media and political globalization : killing stories and journalists -- Media and cultural globalization : cartoon killings and dismantled McDonald's -- Conclusion : the globalization of false promises. a"The fully updated third edition of this lively and accessible book argues for the central role of media in understanding globalization. Indeed, Jack Lule convincingly shows that globalization could not have occurred without media. From earliest times, humans have used media to explore, settle, and globalize their world. In our day, media has made the world progressively "smaller" as nations and cultures come into increasing contact. Decades ago Marshall McLuhan prophesied that media technology would transform the world into a "global village." Slowly, fitfully, his vision is being fulfilled. The global village, however, is not the blissful utopia that McLuhan predicted. Nor, in a more modern formulation, is the world flat, with playing fields leveled and opportunities for all. Instead, Lule argues, globalization and media are combining to create a divided world of gated communities and ghettos, borders and boundaries, suffering and surfeit, beauty and decay, surveillance and violence. By breaking down the economic, cultural, and political impact of media, and through a rich set of case studies from around the globe, the author describes a global village of Babel--invoking the biblical town punished for its vanity by seeing its citizens scattered, its language confounded, and its destiny shaped by strife"--cProvided by publisher. 0aMass media and globalization. 0aCulture and globalization.08iOnline version:aLule, Jack, 1954- author.tGlobalization and mediabThird edition.dLanham : Rowman & Littlefield, [2018]z9781538106280w(DLC) 2018036830 a7bcbccorignewd1eecipf20gy-gencatlg 2ddccBKh302.23iLUL/Gk302.23mLUL/G 00102ddc40708JOURNALISMaMESbMEScJOURNALISMd2023-09-08l0o302.23 LUL/Gp42381r2023-09-08 13:09:06v2565.00w2023-09-08yBKzU3R1 c42158d42158